| 000 | 00369nam a2200121Ia 4500 | ||
|---|---|---|---|
| 008 | 160609s9999 xx 000 0 und d | ||
| 100 | _aTinwell, Angela. | ||
| 245 | 4 | _aThe Uncanny Valley In Games And Animation | |
| 245 | _cBy:Angela Tinwell | ||
| 260 | _c2014 | ||
| 650 | _xGAME DESIGN AND PRODUCTION | ||
| 856 | _uhttp://file.ebook777.com/005/TheUncValInGamAndAni.pdf | ||
| 999 |
_c295769 _d295769 |
||